Čierny mustang
Historický dobrodružný román. V čase, keď žil Winnetou a Old Shatterhand, jestvoval aj čierny mustang, o ktorom kolovali neuveriteľné príhody. Fantázia ho opriadla slávnou povesťou...
| Main Author: | |
|---|---|
| Other Authors: | |
| Format: | CD Audio |
| Language: | Slovak German |
| PhysicalDescription: | 1 elektronický optický disk (CD-ROM) digitál., MP3 12 cm |
| Published: |
V Levoči
Slovenská knižnica pre nevidiacich Mateja Hrebendu
2018
|
| ISBN: | 9788018071168 (CDROM) |
| Subjects: |
MARC
| LEADER | 00000cim a2200000 a 4500 | ||
|---|---|---|---|
| 001 | vtls011744341 | ||
| 003 | SK-MaSNL | ||
| 005 | 20260410152630.0 | ||
| 007 | sd fungnnmmned | ||
| 008 | 180302s2018 xo nnnnfs f n slo | ||
| 015 | |a SNBJ2018 | ||
| 020 | |a 9788018071168 (CDROM) | ||
| 040 | |a SNK |b slo |c SNK |e AACR2 | ||
| 041 | 1 | |d slo |h ger | |
| 044 | |a xo |c SK | ||
| 072 | 7 | |a 821.112.2-3 |x Nemecká próza, nemecky písaná |2 konspekt | |
| 080 | |a 821.112.2-31 |2 2011 | ||
| 080 | |a (0:82-311.3) |2 2011 | ||
| 080 | |a (086.76) |2 2011 | ||
| 100 | 1 | |a May, Karl, |d 1842-1912 |4 aut |9 98469 | |
| 245 | 1 | 0 | |a Čierny mustang |h elektronický zdroj |c Karl May ; číta: Štefan Mráz |
| 260 | |a V Levoči |b Slovenská knižnica pre nevidiacich Mateja Hrebendu |c 2018 | ||
| 300 | |a 1 elektronický optický disk (CD-ROM) |b digitál., MP3 |c 12 cm | ||
| 306 | |a 113000 | ||
| 520 | 8 | |a Historický dobrodružný román. V čase, keď žil Winnetou a Old Shatterhand, jestvoval aj čierny mustang, o ktorom kolovali neuveriteľné príhody. Fantázia ho opriadla slávnou povesťou... | |
| 521 | |a Pre nevidiacich, slabozrakých a inak zdravotne postihnutých | ||
| 655 | 7 | |a zvukové záznamy |2 SNKPH |9 70720 | |
| 655 | 7 | |a nemecké romány |2 SNKPH |9 70433 | |
| 655 | 7 | |a dobrodružné romány |2 SNKPH |9 70486 | |
| 655 | 7 | |a CD-ROM |2 SNKPH |9 70236 | |
| 700 | |a Mráz, Štefan, |d 1936-1999 |4 nrt |9 916952 | ||
| 752 | |a Slovensko |d Levoča | ||
| 919 | |a 978-80-18-07116-8 | ||
| 958 | |a SX | ||
| 958 | |a LX | ||
| 958 | |a UP | ||
| 999 | |c 855142 |d 857072 | ||
| 952 | |a SNK |b SNK |y PREZ |7 0 |p 17A1335475 |o snkSCD 4793 |i snk2018/18070 |8 0 |0 0 |1 0 |4 0 |d 2018-09-05 |l 0 |r 2026-02-24 04:54:16 |w 2026-02-24 | ||


